000 01031nam a2200241 a 4500
005 20151215090534.0
008 140716s2008 ck ao gr 000 0 spa d
040 _aCO-BoBLA
_cCO-BoBLA
041 _aspa
044 _ack
082 0 4 _a582.16
_bC67e
110 2 _aCorporación Autónoma Regional del Tolima.
245 1 0 _aEvaluación de las especies establecidas en el Proyecto Sina II en el departamento del Tolima /
_cCORTOLIMA.
250 _aEditores Héctor Tacuma Chango, Bibiana María Bonilla Hernández.
260 _aIbagué :
_bASOCARS. Asociación de Corporaciones Autónomas Regionales y de Desarrollo Sostenible,
_c2008.
300 _a154 páginas :
_bilustraciones, fotografías ;
_c23 x 17 cm.
500 _aGlosario : (páginas 139-150).
504 _aIncluye referencias bibliográficas (páginas 151-153)
650 4 _aReforestación
_z Tolima (Colombia)
650 4 _aArboles
_x Cultivo
_z Tolima (Colombia)
650 4 _aArboles
_x Fichas técnicas.
942 _2ddc
_cLIBRO
999 _c6936
_d6936